Introduction to ceramics

Αποθηκεύτηκε σε:
Λεπτομέρειες βιβλιογραφικής εγγραφής
Κύριος συγγραφέας: Kingery, W. D.
Άλλοι συγγραφείς: Bowen, H. Kent, Uhlmann, D. R. (Donald Robert)
Μορφή: Βιβλίο
Γλώσσα:English
Δημοσίευση: New York : John Wiley and Sons, c1976.
Έκδοση:2nd ed.
Σειρά:Wiley series on the science and technology of materials
Θέματα:
Ετικέτες: Προσθήκη ετικέτας
Δεν υπάρχουν, Καταχωρήστε ετικέτα πρώτοι!

MARC

LEADER 00000cam a2200000 i 4500
001 1/67541
008 050111s1976 nyu| ||| |||| ||eng||
020 |a 0471478601 
035 |l 10075608 
040 |a GR-MyUa  |b gre  |e AACR2 
041 0 |a eng 
082 7 |a 666   |2 (21) 
100 1 |a Kingery, W. D. 
245 1 0 |a Introduction to ceramics /   |c W.D. Kingery, H.K. Bowen, D.R. Uhlmann. 
250 |a 2nd ed. 
260 |a New York :   |b John Wiley and Sons,   |c c1976. 
300 |a xii, 1032 σ. :   |b εικ. ;   |c 24 εκ. 
490 1 |a (Wiley series on the science and technology of materials) 
504 |a Περιλαμβάνει βιβλιογραφίες και ευρετήριο. 
650 0 |a Ceramics. 
700 1 |a Bowen, H. Kent. 
700 1 |a Uhlmann, D. R.   |q (Donald Robert) 
830 0 |a Wiley series on the science and technology of materials 
852 |a INST  |b SYROS  |e 20050111  |h 666 KIN  |p 005500003804  |q 005500003804  |t BK  |y 0 
901 |a BIBL5-2004-3 
920 |a ΔΙΕΥΡΥΝΣΗ  |b ΕΠΕΑΕΚ-ΤΜΣΠΣ  |y Σύρος  |z 2004-10 
970 |a Κοντού  |b Παρασκευή  |z 11/01/2005